LIBRARY & INFORMATION CENTRE, KCAET, TAVANUR

ONLINE PUBLIC ACCESS CATALOGUE (OPAC)

Pulimana Krithikal / (Record no. 12016)

MARC details
000 -LEADER
fixed length control field 00436cam a2200169ua 4500
041 ## - LANGUAGE CODE
Language code of text/sound track or separate title mal
082 ## - DEWEY DECIMAL CLASSIFICATION NUMBER
Classification number 894.812301
Item number PAR/PU
100 ## - MAIN ENTRY--AUTHOR NAME
Personal name Parameswaran Pillai, Pulimana .
245 ## - TITLE STATEMENT
Title Pulimana Krithikal /
260 ## - PUBLICATION, DISTRIBUTION, ETC. (IMPRINT)
Place of publication Kollam :
Name of publisher M S Book Depot ,
Year of publication 1961.
300 ## - PHYSICAL DESCRIPTION
Number of Pages 335 ; .
942 ## - ADDED ENTRY ELEMENTS (KOHA)
Koha item type Books
Holdings
Withdrawn status Lost status Damaged status Home library Current library Date acquired Full call number Accession Number Koha item type
      KAUAET   07/04/2012 894.812301 1345 Books
free website counter